Normal view MARC view

Entry Personal Name

Number of records used in: 40

001 - CONTROL NUMBER

  • control field: 47159

003 - CONTROL NUMBER IDENTIFIER

  • control field: dpl

005 - DATE AND TIME OF LATEST TRANSACTION

  • control field: 20120516111124.0

008 - FIXED-LENGTH DATA ELEMENTS

  • fixed length control field: 120516|||a|||||| | ||| d

040 ## - CATALOGING SOURCE

  • Original cataloging agency: dpl
  • Transcribing agency: dpl

100 ## - HEADING--PERSONAL NAME

  • Personal name: Tagore, Rabindranath

670 ## - SOURCE DATA FOUND

  • Source citation: Work cat.: (dpl): Tagore, Rabindranath, Fireflies /, 2012

670 ## - SOURCE DATA FOUND

  • Source citation: Work cat.: (dpl): Tagore, Rabindranath, Fireflies /, 2012

© Delhi Public Library
Hit Counter
free hit counter